Statistics for Chinese Food by Province with Pictures

Click here to take the quiz!

General Stats

  • This quiz has been taken 61 times
  • The average score is 6 of 24

Answer Stats

Answer% Correct
Beijing
92%
Sichuan
54%
Guangdong
50%
Zhejiang
38%
Shaanxi
33%
Hunan
31%
Xinjiang
31%
Hubei
29%
Fujian
21%
Jiangsu
21%
Tianjin
21%
Hainan
19%
Shanghai
17%
Tibet
15%
Henan
13%
Yunnan
13%
Anhui
10%
Hong Kong
10%
Inner Mongolia
10%
Shandong
10%
Macau
8%
Guangxi
6%
Guizhou
6%
Shanxi
4%

Score Distribution

Percentile by Number Answered

Percent of People with Each Score

Your Score History

You have not taken this quiz